Technologická studená vojna predbehla koronavírus
Napätie v medzinárodnom obchode zneisťujúce firmy a utlmujúce podpis prvej fázy obchodnej dohody USA s Čínou. Čína a zlepšovanie podnikateľského prostredia. Hrozba protekcionizmu k obchodu zo strany USA. Rizikové obmedzenia v medzinárodnom obchode (elektronika, počítačové technológie, softvér, izolá...
Guardado en:
| Autor principal: | |
|---|---|
| Formato: | Capítulo de libro |
| Lenguaje: | eslovaco |
| Materias: | |
| Etiquetas: |
Sin Etiquetas, Sea el primero en etiquetar este registro!
|
MARC
| LEADER | 00000naa a2200000 4500 | ||
|---|---|---|---|
| 001 | 0267236 | ||
| 005 | 20201116113011.5 | ||
| 041 | 0 | |a slo | |
| 044 | |a SK | ||
| 245 | 1 | 0 | |a Technologická studená vojna predbehla koronavírus |c Daniela Rifaiová |
| 520 | |a Napätie v medzinárodnom obchode zneisťujúce firmy a utlmujúce podpis prvej fázy obchodnej dohody USA s Čínou. Čína a zlepšovanie podnikateľského prostredia. Hrozba protekcionizmu k obchodu zo strany USA. Rizikové obmedzenia v medzinárodnom obchode (elektronika, počítačové technológie, softvér, izolácia). | ||
| 610 | 2 | 0 | |a obchod medzinárodný |
| 610 | 2 | 0 | |a Čína |
| 610 | 2 | 0 | |a USA |
| 610 | 2 | 0 | |a protekcionizmus |
| 610 | 2 | 0 | |a choroby civilizačné |
| 610 | 2 | 0 | |a prostredie podnikateľské |
| 610 | 2 | 0 | |a kríza politická |
| 610 | 2 | 0 | |a koronavírus |
| 100 | 1 | |a Rifaiová, Daniela | |